000
00254nam a2200109Ia 4500
008
190913s9999||||xx |||||||||||||| ||und||
100
_a
M.Morris Mano
245
0
_a
Digital Design
260
_a
USA
_b
Tata McGraw Hill
_c
1994
300
_a
204
942
_c
BK
999
_c
8014
_d
8014